Countries by Flags & Outlines Quiz Stats

 Plays Quiz Updated Jul 2, 2018

Score 0/20 Timer 05:00
5 Plays Today
% Correct
United Kingdom
98.7%
Brazil
96.8%
India
95.3%
Jamaica
89.7%
Saudi Arabia
85.6%
Russia
81.4%
Greece
76.2%
Vatican City
64.6%
North Korea
62.3%
Lebanon
61.1%
% Correct
Macedonia
58.2%
Papua New Guinea
57.1%
Peru
52.2%
Uganda
47.9%
Kosovo
47.3%
Kyrgyzstan
44.4%
eSwatini
40.8%
Costa Rica
37.1%
Samoa
26.8%
Sierra Leone
25.4%

You're not logged in!

Compare scores with friends on all Sporcle quizzes.
OR
Log In

You Might Also Like...

Show Comments

Extras

Top Quizzes Today


Score Distribution

Your Account Isn't Verified!

In order to create a playlist on Sporcle, you need to verify the email address you used during registration. Go to your Sporcle Settings to finish the process.

Report this User

Report this user for behavior that violates our Community Guidelines.

Details: